Řasy jako testovací organizmy nepříznivých efektů různych zařízení

Guardado en:
Detalles Bibliográficos
Formato: Libro
Lenguaje:checo
Publicado: Praha : ÚISJP, 1989
Etiquetas: Agregar Etiqueta
Sin Etiquetas, Sea el primero en etiquetar este registro!

MARC

LEADER 00000nam a22000003a 4500
001 stu3596
005 20150408182117.9
008 930419s1989----cs------------------cze-d
040 |a STU  |b slo 
041 0 |a cze 
044 |a cs 
080 |a 539.16.047 
080 |a 581.2  |7 stu_us_auth*stu7241 
245 |a Řasy jako testovací organizmy nepříznivých efektů různych zařízení 
260 |a Praha :  |b ÚISJP,  |c 1989 
300 |a 68 s 
996 |b E68644  |c E*68644  |l EE10  |s P  |a 0  |w stu3596_0001